Professional education in ancient and medieval India / (Record no. 41706)

MARC details
000 -LEADER
fixed length control field 00975nam a22002777a 4500
005 - DATE AND TIME OF LATEST TRANSACTION
control field 20100813115918.0
010 ## - LCCN (DPL NO)
LC control number ENG-100318
020 ## - INTERNATIONAL STANDARD BOOK NUMBER
Terms of availability 200.00
International Standard Book Number 9788170632740
020 ## - INTERNATIONAL STANDARD BOOK NUMBER
Terms of availability 200.00
International Standard Book Number 8170632749
035 ## - SYSTEM CONTROL NUMBER
System control number EN-83850
037 ## - SOURCE OF ACQUISITION
Source of stock number/acquisition DBAD/PUB
082 ## - DEWEY DECIMAL CLASSIFICATION NUMBER
Classification number 506.254
100 ## - MAIN ENTRY--PERSONAL NAME
Personal name Singh R.P.
245 ## - TITLE STATEMENT
Title Professional education in ancient and medieval India /
Statement of responsibility, etc by R.P. Singh
250 ## - EDITION STATEMENT
Edition statement 2nd ed.
260 ## - PUBLICATION, DISTRIBUTION, ETC. (IMPRINT)
Place of publication, distribution, etc New Delhi
Name of publisher, distributor, etc Arya Book Depot
Date of publication, distribution, etc 2008
270 ## - ADDRESS
Address New Delhi
City 30,Naiwala, Karol Bagh
Postal code 110005
300 ## - PHYSICAL DESCRIPTION
Extent iii, 146p.
Dimensions 22cm (Hb)
500 ## - GENERAL NOTE
General note Includes bibliogeaphical references and index
650 ## - SUBJECT ADDED ENTRY--TOPICAL TERM
Topical term or geographic name as entry element Professional education
650 ## - SUBJECT ADDED ENTRY--TOPICAL TERM
Topical term or geographic name as entry element Education ancient
650 ## - SUBJECT ADDED ENTRY--TOPICAL TERM
Topical term or geographic name as entry element Education medienal
700 ## - ADDED ENTRY--PERSONAL NAME
9 (RLIN) 12606
942 ## - ADDED ENTRY ELEMENTS (KOHA)
Source of classification or shelving scheme Dewey Decimal Classification
Item type English Books
Classification part 378.0130954
Call number suffix SIN
Holdings
Withdrawn status Lost status Not for loan Collection code Home library Current library Date acquired Source of acquisition Cost, normal purchase price Full call number Barcode Copy number Cost, replacement price Koha item type
    Not For Loan Non-fiction D.B.Act.Division D.B.Act.Division 13/08/2010 DBAD/PUb 200.00 378.0130954 SIN EN-83850 1 200.00 English Books

© Delhi Public Library
Hit Counter
free hit counter